Coastal hydrogeology (Record no. 37632)

MARC details
000 -LEADER
fixed length control field 00639nam a2200181 a 4500
008 - FIXED-LENGTH DATA ELEMENTS--GENERAL INFORMATION
fixed length control field 200619s2019 ||||||||||||||||| || u
020 ## - INTERNATIONAL STANDARD BOOK NUMBER
International Standard Book Number 9781107030596
050 ## - LIBRARY OF CONGRESS CALL NUMBER
Classification number GB 1005 Jia
100 ## - MAIN ENTRY--PERSONAL NAME
Personal name Post, Vincent
245 10 - TITLE STATEMENT
Title Coastal hydrogeology
Statement of responsibility, etc. By Jimmy Jiao; Vincent Post
260 ## - PUBLICATION, DISTRIBUTION, ETC.
Place of publication, distribution, etc. Cambridge
Name of publisher, distributor, etc. Cambridge University Press
Date of publication, distribution, etc. 2019
300 ## - PHYSICAL DESCRIPTION
Extent xvi, 403 pages : illustrations
350 ## - PRICE (NR) (BK AM CF MU VM SE) [OBSOLETE]
Price 99.74
650 ## - SUBJECT ADDED ENTRY--TOPICAL TERM
Topical term or geographic name entry element COASTS
650 ## - SUBJECT ADDED ENTRY--TOPICAL TERM
Topical term or geographic name entry element HYDROGEOLOGY
700 ## - ADDED ENTRY--PERSONAL NAME
Personal name Jiao, Jimmy
995 ## - RECOMMENDATION 995 [LOCAL, UNIMARC FRANCE]
-- CBU-MAIN LIBRARY (Kitwe)
-- 99.74
-- 1
-- AVAILABLE
-- Jun 26, 2020
-- Main Library Open Access Collection
Holdings
Withdrawn status Lost status Source of classification or shelving scheme Damaged status Not for loan Home library Current library Shelving location Date acquired Total Checkouts Full call number Barcode Date last seen Price effective from Koha item type
          CBU-MAIN LIBRARY, KITWE. CBU-MAIN LIBRARY, KITWE.   11/30/2022   GB 1005 Jia 750312 11/30/2022 11/30/2022 MONOGRAPH